| 000 | 00603cam a22001934a 4500 | ||
|---|---|---|---|
| 005 | 20250605164119.0 | ||
| 008 | 250528s ||||||||||||||||||||||||d | ||
| 035 | _a18197 | ||
| 020 | _a393995313 | ||
| 040 |
_aGR-AtMCL _bgre _dGR-AtMCL _eAACR2 |
||
| 245 | 1 | _aUsing QuickMod | |
| 260 |
_bW.W. Norton & Company, _c1990 |
||
| 300 | _a122 | ||
| 520 | _aPreface, Introduction and Installation, The QuickMod Environment, The QuickMod Editor, Extension, QuickMod Runtime Library, Runtime Library Identifiers, Index. | ||
| 700 | 1 |
_aCooper Doug _94449 |
|
| 942 | _cBK | ||
| 999 |
_c3575 _d3575 |
||